Missing Word: Songs Beginning With 'You' Quiz Stats

 Plays Quiz Updated Nov 10, 2017

Score 0/20 Timer 04:00
0 Plays Today
Song Missing Word % Correct
You Give ___ A Bad NameLove
96%
You Can't Always ___ What You WantGet
95.6%
(You Drive Me) ___Crazy
95.4%
You Set My Heart on ___Fire
93%
You ___ Have to Say You're SorryDon't
86.1%
You ___ Up My LifeLight
82.1%
(You Make Me Feel Like) A ___ WomanNatural
81.9%
You Are Not ___Alone
81.3%
You Made a ___ of Me (Tradução)Fool
79%
You Know I'm ___ GoodNo
73.4%
Song Missing Word % Correct
You Can't ___ LoveHurry
70.7%
You ___ Got MeReally
70.4%
You Make Me Feel Like ___Dancing
67.3%
You ___ Me All Night LongShook
65.9%
You ___ with MeBelong
58.6%
You Stepped Out of a ___Dream
57.3%
You ___ KnowOughta
54%
Your Love Is My ___Drug
42.6%
You Know What I ___Mean
42.4%
You Started ___Something
28.2%

Today's Daily Dose

Missing Word
Arizona A-Z

Word Ladder
Greek Letters II

Get the Picture
US National Parks

You're not logged in!

Compare scores with friends on all Sporcle quizzes.
OR
Log In

You Might Also Like...

Show Comments

Extras

Top Quizzes Today


Score Distribution

Your Account Isn't Verified!

In order to create a playlist on Sporcle, you need to verify the email address you used during registration. Go to your Sporcle Settings to finish the process.

Report this User

Report this user for behavior that violates our Community Guidelines.

Details: